| 000 | 01679nam a2200325 a 4500 | ||
|---|---|---|---|
| 001 | BRCA_3274 | ||
| 005 | 20190320204211.0 | ||
| 008 | 130309s1842----enka---###---#000-0#eng-# | ||
| 041 | _aeng | ||
| 044 | _aenk | ||
| 084 |
_a575 _b.B64 _c1842 |
||
| 100 | 1 |
_aCervantes Saavedra, Miguel de _d1547-1616 _9213 |
|
| 245 | 1 | 0 |
_aDon Quixote de la Mancha _cTranslated from the Spanish of Miguel de Cervantes Saavedra by Charles Jarvis. |
| 260 |
_aLondres _bHenry G. Bohn _c1842 |
||
| 300 |
_a2 v. _bil _c26 cm. |
||
| 500 | _aContenido : v.1. Primera parte. Vida de Cervantes con la noticia sobre sus obras por Viardot traducida al inglés. Prólogo del autor. -- v.2. Segunda parte. Prólogo del autor | ||
| 500 | _aEdición : Carefully Revised and Corrected. Illustrated by Tony Johannot and Others | ||
| 500 | _aAunque dividida en 2 tomos, puede decirse que es una reproducción de la edición publicada en 1837-39, por J. J. Dubochet con los mismos dibujos de Johannot y otros, que se añadieron. La impresión es excelente. Esta edición pertenece a una de las mas destacadas ediciones del Quijote en general. Tela, con motivos quijotiles dorados Lúdovik Osterc | ||
| 500 | _aQM454 | ||
| 546 | _aTexto en : inglés | ||
| 650 | 1 | 4 |
_aNovela española _yÉpoca clásica, 1500-1700 _9215 |
| 650 | 1 | 4 |
_aLiteratura española _yÉpoca clásica, 1500-1700 _9216 |
| 650 | 1 | 4 |
_aNovela española _ySiglo XVII _9217 |
| 650 | 1 | 4 |
_aDon Quijote (Personaje ficticio) _eNovela _9218 |
| 700 | 1 |
_aJarvis, Charles _d?-1739 _eTraductor _98694 |
|
| 700 | 1 |
_aJohannot, Tony _d1803-1852 _eIlustrador _98695 |
|
| 740 | 0 | _aEl Ingenioso Hidalgo Don Quijote de la Mancha | |
| 902 | _aQFM | ||
| 942 |
_2lcc _cB |
||
| 999 |
_c3010 _d3010 |
||